The pocket Oxford dictionary of current English, (Record no. 550314)
[ view plain ]
| 000 -LEADER | |
|---|---|
| fixed length control field | 00592cam a22001691 4500 |
| 082 ## - DEWEY DECIMAL CLASSIFICATION NUMBER | |
| Classification number | 423 |
| Author Mark | OXF |
| -- | L-31, P-24 |
| 100 1# - MAIN ENTRY--PERSONAL NAME | |
| Personal name | Fowler, F. G. |
| 9 (RLIN) | 47003 |
| 245 14 - TITLE STATEMENT | |
| Title | The pocket Oxford dictionary of current English, |
| Statement of responsibility, etc. | comp. by F. G. Fowler & H. W. Fowler. |
| 260 ## - PUBLICATION, DISTRIBUTION, ETC. | |
| Place of publication, distribution, etc. | Oxford, |
| Name of publisher, distributor, etc. | The Clarendon press, |
| Date of publication, distribution, etc. | 1924. |
| 300 ## - PHYSICAL DESCRIPTION | |
| Extent | 3 p. l., [iii]-xvi, 1000 p. |
| Dimensions | 18 cm. |
| 500 ## - GENERAL NOTE | |
| General note | "Nominally an abridgement of the Concise Oxford dictionary."--Pref. |
| 526 ## - STUDY PROGRAM INFORMATION NOTE | |
| Program name | 0 |
| Interest level | 0 |
| Reading level | 0 |
| Title point value | 423_000000000000000_OXF |
| 650 #0 - SUBJECT ADDED ENTRY--TOPICAL TERM | |
| Topical term or geographic name entry element | English language |
| 650 #0 - SUBJECT ADDED ENTRY--TOPICAL TERM | |
| Topical term or geographic name entry element | MCE |
| 9 (RLIN) | 379 |
| 700 1# - ADDED ENTRY--PERSONAL NAME | |
| Personal name | Fowler, H. W. |
| 9 (RLIN) | 47004 |
| 942 ## - ADDED ENTRY ELEMENTS (KOHA) | |
| Source of classification or shelving scheme | |
| Koha item type | Book |
| Withdrawn status | Lost status | Source of classification or shelving scheme | Damaged status | Not for loan | Permanent Location | Current Location | Date acquired | Total Checkouts | Full call number | Barcode | Date last seen | Price effective from | Koha item type |
|---|---|---|---|---|---|---|---|---|---|---|---|---|---|
| Military College of Engineering (MCE) | Military College of Engineering (MCE) | 10/30/2014 | 423 OXF | MCE-1537 | 10/30/2014 | 10/30/2014 | Book |
